Gaming Quiz

Random Gaming Quiz

All Halo weapons Quiz Stats

 Plays Quiz not verified by Sporcle

Support Sporcle.
Go Orange.
Score 0/49 Timer 06:00
0 Plays Today
Game+Faction Weapon % Correct
UNSC; Reach, CE, ODST, 3, 4, 5Assault Rifle
97.4%
UNSC; 2, 3, 4, 5Battle Rifle
97.4%
Covenant;All gamesPlasma Pistol
97.4%
Covenant; Reach, 2, 3, 4, 5Energy Sword
94.9%
UNSC; Reach, CE, 2, 3, 4, 5Magnum
92.3%
UNSC; All gamesRocket Launcher
92.3%
Covenant; All gamesNeedler
92.3%
Covenant; Reach, CE, 2, 3Plasma Rifle
92.3%
UNSC; All gamesSniper Rifle
89.7%
Covenant; 2, ODST, 3, 4, 5Carbine
89.7%
Brute; Reach, ODST, 4, 5Gravity Hammer
89.7%
UNSC; 2, 3, 5SMG
87.2%
Brute; Reach, ODST, 3Spiker
87.2%
UNSC; All gamesShotgun
84.6%
UNSC; Reach, 5Grenade Launcher
84.6%
Covenant; 2, ODST, 3, 4, 5Beam Rifle
84.6%
Brute; 2, ODST, 5Brute Plasma Rifle
84.6%
UNSC; Reach, 4, 5DMR
82.1%
Covenant; Reach, 2, ODST, 3, 4Fuel Rod Gun
82.1%
Covenant; All gamesPlasma Grenade
82.1%
Brute; 3, ODSTMauler
82.1%
Covenant; ReachNeedle Rifle
79.5%
Brute; 2, ODST, 3Brute Shot
79.5%
Forerunnner; 4, 5Boltshot
79.5%
UNSC; All gamesFrag grenade
76.9%
Game+Faction Weapon % Correct
Forerunnner; 4, 5Light Rifle
76.9%
Forerunnner; 2, 3, 5Sentinel Beam
76.9%
UNSC; Reach, ODST, 3, 4Spartan Laser
74.4%
Covenant; ReachPlasma Repeater
74.4%
Covenant; 4, 5Storm Rifle
74.4%
UNSC; 4, 5SAW
71.8%
Brute; 3, ODSTSpike Grenade
71.8%
Forerunnner; 4, 5Binary Rifle
71.8%
Forerunnner; 4, 5Suppressor
71.8%
Covenant; Reach, 5Plasma Launcher
66.7%
Forerunnner; 4, 5Incineration Cannon
66.7%
Covenant; Reach, 4Concussion Rifle
64.1%
Covenant; ReachFocus Rifle
64.1%
Forerunnner; 4, 5Scattershot
64.1%
UNSC; 4Sticky Detonator
61.5%
Forerunnner; 4Pulse Grenade
61.5%
UNSC; ODSTSilenced SMG
59%
UNSC; 5Hydra Launcher
56.4%
Covenant; 5Plasma Caster
56.4%
Brute; 3, ODSTFire Bomb
56.4%
UNSC; 4, 5Railgun
53.8%
UNSC; ODSTSilenced Pistol
51.3%
Forerunnner; 5Splinter Grenade
43.6%
UNSC; Reach, 4Target Locator
35.9%

You're not logged in!

Compare scores with friends on all Sporcle quizzes.
OR
Log In

From the Vault

24 Movie Posters with Backs

by Sheldon

Just don't turn your back on this quiz.
Remove Ads.
Support Sporcle.
Get the best of Sporcle when you Go Orange. This ad-free experience offers more features, more stats, and more fun while also helping to support Sporcle. Thank you for becoming a member.

Show Comments

Extras

Created Feb 22, 2020ReportNominate
Tags:halo, Weapons

Top Quizzes Today


Score Distribution

Your Account Isn't Verified!

In order to create a playlist on Sporcle, you need to verify the email address you used during registration. Go to your Sporcle Settings to finish the process.

Report this User

Report this user for behavior that violates our Community Guidelines.

Details: